| 000 | 00637nam a2200229Ia 4500 | ||
|---|---|---|---|
| 005 | 20231123093008.0 | ||
| 008 | 140110s9999 xx 000 0 und d | ||
| 020 |
_a9788184571509 _cRs.995.00 |
||
| 040 | _aLoreto College | ||
| 041 | _aEnglish | ||
| 082 |
_a396 _bAGR |
||
| 245 |
_aWomen Empowerment and Globalization _cEdited by Meenu Agrawal |
||
| 250 | _aA modern perspective | ||
| 260 |
_aNew Delhi _bKanishka Publishers,Distributors _c2009 |
||
| 300 | _axvii,374p | ||
| 504 | _aIncludes index | ||
| 650 | _aGender studies | ||
| 651 | _aWomen and society | ||
| 700 | _aAgrawal,Meenu,ed. | ||
| 850 | _aLCLIB | ||
| 942 | _cBK | ||
| 999 |
_c38477 _d88956 |
||